000 01043nam a22003251i 4500
999 _c2167
_d2167
001 017860381
003 Uk
005 20230317081530.0
008 171218s2016 enka j 000|f|eng|d
015 _aGBB811391
_2bnb
016 7 _a017860381
_2Uk
020 _a9781474836814 (pbk.) :
040 _aStDuBDS
_beng
_cStDuBDS
_erda
_dKH8
042 _aukblsr
082 0 4 _a813.6 ZIE
_223
100 1 _aZiegler-Sullivan, Ursula,
_eauthor.
245 1 0 _aItty-bitty kitty rescue /
_cwritten by Ursula Ziegler Sullivan ; illustrated by Fabrizio Petrossi.
264 1 _aBath :
_bParragon,
_c2016.
300 _a1 volume (unpaged) :
_bchiefly illustrations (colour) ;
_c29 cm.
336 _atext
_2rdacontent
336 _astill image
_2rdacontent
337 _aunmediated
_2rdamedia
338 _avolume
_2rdacarrier
490 0 _aPAW Patrol
500 _aAt head of title: Nickelodeon.
655 7 _aChildren's stories
_vPictorial works.
_2gsafd
700 1 _aPetrossi, Fabrizio,
_eartist.
710 2 _aNickelodeon (Firm)
942 _2ddc
_cNFIC